000 00405nam a2200133Ia 4500
008 200619s9999 xx 000 0 und d
020 _a9800000000000
100 _aKabeer Naila
245 4 _aThe Power to Choose : Bangladeshi Woman and Labour Market decisions in London & Dhaka
264 _bVerso Books
_c2000
300 _a464
942 _cIR
999 _c120383
_d120383